00490nam a2200193 a 4500001001300000003000900013005001700022008004100039020002300080082001600103100001700119245003200136260003200168300000900200500003500209505001000244650002500254700001700279nice12345678IN_TiNIC20260116014333.0090121s2006 dela grp 000 0 eng  a8129201461 c26500a001.42bALM aAlmack, John aResearch and Thesis Writing aDelhi bIndigo Books c2006 a310p aincludes index and biblioraphy2 aindex aResearch Methodology1 aAlmack, John